00676nam a2200229 a 4500001001300000003000900013005001700022008004100039020002500080082001300105100003200118245002600150260004500176300000900221500003500230505001000265650002700275902000800302942000700310952011400317999001500431nice12345678IN_TiNIC20260116012240.0050524s1970 newa grp 000 0 eng  a0152769 c367.500a231bCHA aChardin, Pierre Teilhard De aActivation of Energy. aNew YorkbHelen and Kurt Wolf Bookc1970 a416p aincludes index and biblioraphy2 aIndex aPhilosophical-Theology bSRS cBK 001040708StackRoom-aHMIbHMId2007-12-07g367.50l0o231 CHAp012587r2007-12-07v367.50w2005-05-24yBK c6236d6236